[Event "Dortmund op-A"]
[Site "Dortmund"]
[Date "1992.??.??"]
[Round "11"]
[White "Kishnev, Sergey"]
[Black "Moutousis, Konstantinos"]
[Result "1-0"]
[WhiteElo "2540"]
[BlackElo "2405"]
[PlyCount "85"]
[EventDate "1992.04.??"]
[EventType "swiss"]
[EventRounds "11"]
[EventCountry "GER"]
[SourceTitle "TD"]
[Source "ChessBase"]
[SourceDate "1994.03.01"]
[SourceVersion "1"]
[SourceVersionDate "1994.03.01"]
[SourceQuality "1"]

1. d4 Nf6 2. c4 e6 3. Nf3 b6 4. g3 Bb7 5. Bg2 Be7 6. Nc3 Ne4 7. Bd2 O-O 8. O-O
f5 9. d5 Bf6 10. Rc1 Na6 11. Be1 Nac5 12. Nd4 Qe7 13. Nxe4 Nxe4 14. f3 Nc5 15.
b4 Na6 16. Nc2 c6 17. d6 Qe8 18. f4 e5 19. e4 exf4 20. exf5 Qf7 21. Qd3 fxg3
22. Bxg3 Rae8 23. Rce1 Nb8 24. b5 Rxe1 25. Rxe1 Re8 26. Rxe8+ Qxe8 27. a4 Kf8
28. Qe4 Qxe4 29. Bxe4 Kf7 30. Kf2 Bb2 31. Kf3 Kf6 32. Bh4+ Ke5 33. Bg3+ Kf6 34.
Ne3 Kf7 35. Ng4 Ke8 36. Be5 Bxe5 37. Nxe5 Kd8 38. Kf4 a6 39. Bf3 Kc8 40. Kg5
cxb5 41. Bxb7+ Kxb7 42. cxb5 axb5 43. axb5 1-0

[Event "Goch op 03rd"]
[Site "Goch"]
[Date "1992.??.??"]
[Round "3"]
[White "Kishnev, Sergey"]
[Black "Treppner, Gerd"]
[Result "1-0"]
[WhiteElo "2530"]
[BlackElo "2320"]
[PlyCount "126"]
[EventDate "1992.10.??"]
[EventType "swiss"]
[EventRounds "7"]
[EventCountry "GER"]
[SourceTitle "EXT 1998"]
[Source "ChessBase"]
[SourceDate "1997.11.17"]
[SourceVersion "1"]
[SourceVersionDate "1997.11.17"]
[SourceQuality "1"]

1. d4 Nf6 2. c4 d6 3. Nf3 Bg4 4. Qb3 Bxf3 5. Qxf3 Nc6 6. e3 g6 7. Nc3 Bg7 8.
Be2 O-O 9. O-O Nd7 10. Rd1 Qc8 11. Rb1 e5 12. dxe5 Ncxe5 13. Qg3 a5 14. e4 Nc5
15. f3 f5 16. exf5 Qxf5 17. Qg5 Qf7 18. b3 Rae8 19. Nb5 Nc6 20. Bf1 Re5 21. Qg3
Rh5 22. f4 Rf5 23. Be2 Ne6 24. Bf3 Ncd4 25. Nxd4 Nxd4 26. Re1 Nxf3+ 27. Qxf3 b6
28. Qd3 Rf6 29. Bd2 Re6 30. Rxe6 Qxe6 31. Re1 Qf5 32. Qxf5 Rxf5 33. g4 Rf7 34.
Kg2 Rd7 35. Re8+ Kf7 36. Rc8 Ke6 37. Kf3 d5 38. cxd5+ Kxd5 39. Re8 Bd4 40. h4
Bg7 41. f5 gxf5 42. gxf5 Rf7 43. Kg4 Be5 44. Bg5 c5 45. Re6 Bc7 46. Re2 Be5 47.
a4 h5+ 48. Kxh5 Rxf5 49. Kg6 Rf3 50. Re3 Rxe3 51. Bxe3 Bd4 52. Bg5 c4 53. bxc4+
Kxc4 54. h5 b5 55. axb5 Kxb5 56. h6 a4 57. Be7 Kc4 58. Bf8 Bb2 59. h7 Kb3 60.
Bg7 Bxg7 61. Kxg7 a3 62. h8=Q Kb2 63. Qb8+ Ka1 {und Weiß gewann nach wenigen
Zuegen} 1-0

[Event "Oberliga NRW 9293 II"]
[Site "Germany"]
[Date "1993.??.??"]
[Round "?.2"]
[White "Kishnev, Sergey"]
[Black "Rechmann, Peter"]
[Result "1-0"]
[WhiteElo "2510"]
[BlackElo "2360"]
[PlyCount "76"]
[EventDate "1992.10.??"]
[EventType "team"]
[EventRounds "10"]
[EventCountry "GER"]
[SourceTitle "TD"]
[Source "ChessBase"]
[SourceDate "1994.03.01"]
[SourceVersion "1"]
[SourceVersionDate "1994.03.01"]
[SourceQuality "1"]
[WhiteTeam "Gelsenkirchen"]
[BlackTeam "Monheim"]
[WhiteTeamCountry "GER"]
[BlackTeamCountry "GER"]

1. d4 Nf6 2. c4 c5 3. d5 g6 4. Nc3 Bg7 5. e4 d6 6. Bd3 O-O 7. h3 e6 8. Nf3 Re8
9. O-O Na6 10. Bg5 h6 11. Be3 Nc7 12. Qd2 Kh7 13. dxe6 Nxe6 14. Bc2 a6 15. Rad1
Bf8 16. Qc1 Qa5 17. Rfe1 b5 18. e5 dxe5 19. Nxe5 Qc7 20. Nd5 Nxd5 21. Rxd5 Bg7
22. f4 Nd4 23. cxb5 Nxc2 24. Qxc2 Bf5 25. Qxc5 Qa5 26. b4 Qxa2 27. Rd2 Qb3 28.
b6 Rac8 29. Qd5 Qxb4 30. Qxf7 Re7 31. Qd5 Rc3 32. Qd4 Qb3 33. Bf2 Rd7 34. Qxd7
Bxd7 35. Rxd7 Rc2 36. b7 Qb2 37. Ng4 h5 38. Ree7 hxg4 1-0

[Event "Oberliga NRW 9293 II"]
[Site "Germany"]
[Date "1992.??.??"]
[Round "?.2"]
[White "Kishnev, Sergey"]
[Black "Hubert, Ralf"]
[Result "1-0"]
[WhiteElo "2510"]
[BlackElo "2385"]
[PlyCount "81"]
[EventDate "1992.10.??"]
[EventType "team"]
[EventRounds "10"]
[EventCountry "GER"]
[SourceTitle "TD"]
[Source "ChessBase"]
[SourceDate "1994.03.01"]
[SourceVersion "1"]
[SourceVersionDate "1994.03.01"]
[SourceQuality "1"]
[WhiteTeam "Gelsenkirchen"]
[BlackTeam "Solingen"]
[WhiteTeamCountry "GER"]
[BlackTeamCountry "GER"]

1. d4 Nf6 2. c4 g6 3. Nc3 Bg7 4. e4 O-O 5. Nf3 c5 6. Be2 cxd4 7. Nxd4 Nc6 8.
Nc2 b6 9. O-O Bb7 10. Bg5 Rc8 11. Ne3 Nd4 12. Bd3 Ne6 13. Bh4 Nf4 14. Bc2 d6
15. Qf3 Ne6 16. Rad1 h5 17. Qg3 Nd7 18. Ncd5 Re8 19. f4 Nd4 20. Bd3 Nc5 21. Kh1
Bxd5 22. Nxd5 Nxd3 23. Qxd3 f5 24. Qg3 Kh7 25. Rxd4 Bxd4 26. exf5 gxf5 27. Qd3
Bf6 28. Qxf5+ Kg7 29. Bxf6+ exf6 30. Qxh5 Rxc4 31. f5 Rh8 32. Qg6+ Kf8 33. Nf4
Rxf4 34. Rxf4 Qe7 35. Rf1 Qe5 36. h3 Rg8 37. Qh6+ Kf7 38. Qh5+ Ke7 39. Qh7+ Kf8
40. Rc1 Qe8 41. Qh6+ 1-0

[Event "Altensteig op"]
[Site "Altensteig"]
[Date "1993.??.??"]
[Round "?"]
[White "Schmaltz, Roland"]
[Black "Kishnev, Sergey"]
[Result "0-1"]
[WhiteElo "2410"]
[BlackElo "2500"]
[PlyCount "100"]
[EventDate "1993.??.??"]
[EventType "swiss"]
[EventRounds "9"]
[EventCountry "GER"]
[SourceTitle "EXT 2010"]
[Source "ChessBase"]
[SourceDate "2010.11.25"]
[SourceVersion "1"]
[SourceVersionDate "2010.11.25"]
[SourceQuality "1"]

1. e4 c5 2. Nf3 Nc6 3. d4 cxd4 4. Nxd4 Qb6 5. Nb3 Nf6 6. Nc3 e6 7. Bd3 Be7 8.
O-O O-O 9. Kh1 d6 10. f4 Qc7 11. Bd2 a6 12. Qf3 b5 13. a3 Bb7 14. Qh3 b4 15.
axb4 Nxb4 16. e5 dxe5 17. fxe5 Qxe5 18. Ra5 Qd6 19. Bxh7+ Nxh7 20. Rh5 e5 21.
Rxh7 Bxg2+ 22. Kxg2 Qg6+ 23. Bg5 Qxh7 24. Qxh7+ Kxh7 25. Bxe7 Nxc2 26. Kg3 Rfb8
27. Nc5 f6 28. Rf2 Nd4 29. N5e4 Kg6 30. Bc5 Rb3 31. Kg2 Rab8 32. Bd6 Rd8 33.
Be7 Rdb8 34. Bd6 Rc8 35. Rd2 Nf5 36. Bc5 Rcb8 37. Nd1 Nh4+ 38. Kf1 Rf3+ 39. Bf2
Rf4 40. Nc5 Nf3 41. Rd7 Nxh2+ 42. Ke2 Ng4 43. Bg1 a5 44. Ne6 Re4+ 45. Kd2 Rg8
46. Nc3 Rb4 47. Kc2 Rgb8 48. Rxg7+ Kf5 49. Nc5 Rxb2+ 50. Kd3 Rg2 0-1

[Event "Munich op 9293"]
[Site "Munich"]
[Date "1993.??.??"]
[Round "1"]
[White "Kishnev, Sergey"]
[Black "Phildius, Bernhard"]
[Result "1-0"]
[WhiteElo "2530"]
[BlackElo "2315"]
[PlyCount "61"]
[EventDate "1993.??.??"]
[EventType "swiss"]
[EventRounds "9"]
[EventCountry "GER"]
[SourceTitle "TD"]
[Source "ChessBase"]
[SourceDate "1994.03.01"]
[SourceVersion "1"]
[SourceVersionDate "1994.03.01"]
[SourceQuality "1"]

1. d4 Nf6 2. c4 c5 3. d5 e5 4. Nc3 d6 5. e4 Be7 6. Nf3 O-O 7. h3 Ne8 8. g4 a6
9. Bd3 Nd7 10. Be3 Nc7 11. a4 Re8 12. Qd2 b6 13. Ke2 Nf8 14. g5 Bd7 15. Rag1
Qb8 16. b3 b5 17. Nh4 Ra7 18. Nf5 Rb7 19. Bc2 Ng6 20. h4 Bf8 21. h5 Bxf5 22.
exf5 Nf4+ 23. Kf3 bxc4 24. bxc4 Rb4 25. Rb1 Qd8 26. Rxb4 cxb4 27. Ne4 Qb8 28.
h6 Qa8 29. hxg7 Bxg7 30. Bxf4 exf4 31. f6 1-0

[Event "Munich op 9293"]
[Site "Munich"]
[Date "1993.??.??"]
[Round "2"]
[White "Schmidt, Peter"]
[Black "Kishnev, Sergey"]
[Result "0-1"]
[WhiteElo "2425"]
[BlackElo "2530"]
[PlyCount "66"]
[EventDate "1993.??.??"]
[EventType "swiss"]
[EventRounds "9"]
[EventCountry "GER"]
[SourceTitle "TD"]
[Source "ChessBase"]
[SourceDate "1994.03.01"]
[SourceVersion "1"]
[SourceVersionDate "1994.03.01"]
[SourceQuality "1"]

1. d4 Nf6 2. Nf3 d5 3. c4 e6 4. g3 dxc4 5. Bg2 c5 6. O-O Nc6 7. Qa4 Bd7 8. Qxc4
b5 9. Qd3 Rc8 10. Nc3 c4 11. Qc2 Be7 12. a3 Qb6 13. Rd1 Na5 14. e4 Nb3 15. Rb1
a5 16. e5 Nd5 17. Bg5 Nxc3 18. Qxc3 Bc6 19. Qe3 h6 20. Bxe7 Kxe7 21. Nd2 Qxd4
22. Qe1 Bxg2 23. Kxg2 Qd5+ 24. Kg1 Nd4 25. Qe3 Rhd8 26. Ne4 Qxe5 27. f4 Nf5 28.
fxe5 Nxe3 29. Rxd8 Rxd8 30. Nd6 Rb8 31. Re1 Nf5 32. Nxf5+ exf5 33. Kf2 Rd8 0-1

[Event "Munich op 9293"]
[Site "Munich"]
[Date "1993.??.??"]
[Round "6"]
[White "Apicella, Manuel"]
[Black "Kishnev, Sergey"]
[Result "0-1"]
[WhiteElo "2450"]
[BlackElo "2530"]
[PlyCount "80"]
[EventDate "1993.??.??"]
[EventType "swiss"]
[EventRounds "9"]
[EventCountry "GER"]
[SourceTitle "TD"]
[Source "ChessBase"]
[SourceDate "1994.03.01"]
[SourceVersion "1"]
[SourceVersionDate "1994.03.01"]
[SourceQuality "1"]

1. d4 Nf6 2. c4 e6 3. Nc3 Bb4 4. Qc2 O-O 5. Nf3 b6 6. Bg5 Bb7 7. e3 d6 8. Be2
Nbd7 9. Bh4 c5 10. O-O Bxc3 11. Qxc3 Ne4 12. Qc2 g5 13. d5 exd5 14. Nxg5 Nxg5
15. Qf5 f6 16. f4 Ne4 17. cxd5 Qe7 18. Bd3 Nd2 19. Rf2 c4 20. Bc2 c3 21. bxc3
Nc4 22. Re1 Nc5 23. Rf3 Na3 24. Bd1 Ne4 25. Bb3 Bc8 26. Qh5 Qf7 27. Qxf7+ Kxf7
28. h3 Ba6 29. g4 Rac8 30. g5 Rxc3 31. gxf6 Nc4 32. f5 Rg8+ 33. Kh1 Nxf6 34.
Rf4 Nxd5 35. Re4 Nf6 36. Bxf6 Kxf6 37. Re6+ Kf7 38. Kh2 Nd2 39. Bd5 Bc4 40.
Bxc4 Rxc4 0-1

[Event "Neuwied op"]
[Site "Neuwied"]
[Date "1993.??.??"]
[Round "3"]
[White "Vuckovic, Aleksandar"]
[Black "Kishnev, Sergey"]
[Result "0-1"]
[WhiteElo "2345"]
[BlackElo "2510"]
[PlyCount "54"]
[EventDate "1993.??.??"]
[EventType "swiss"]
[EventRounds "9"]
[EventCountry "GER"]
[SourceTitle "GER"]
[Source "ChessBase"]
[SourceDate "1999.07.01"]
[SourceVersion "1"]
[SourceVersionDate "1999.07.01"]
[SourceQuality "1"]

1. e4 c5 2. Nf3 Nc6 3. d4 cxd4 4. Nxd4 Qb6 5. Nb3 Nf6 6. Nc3 e6 7. Be3 Qc7 8.
Bd3 Bb4 9. O-O Bxc3 10. bxc3 d6 11. a4 e5 12. f3 Be6 13. c4 O-O 14. c5 d5 15.
exd5 Nxd5 16. Bf2 Rad8 17. Qb1 Nf4 18. Bb5 a6 19. Bxc6 bxc6 20. Qb2 Bc4 21.
Rfd1 Rfe8 22. Rxd8 Qxd8 23. Re1 Qg5 24. Bg3 Ne2+ 25. Kf2 e4 26. fxe4 Rxe4 27.
Nd2 Qe3+ 0-1

[Event "Cappelle op 09th"]
[Site "Cappelle la Grande"]
[Date "1993.??.??"]
[Round "4"]
[White "Appleberry, Martin"]
[Black "Kishnev, Sergey"]
[Result "0-1"]
[WhiteElo "2370"]
[BlackElo "2510"]
[PlyCount "56"]
[EventDate "1993.02.??"]
[EventType "swiss"]
[EventRounds "9"]
[EventCountry "FRA"]
[SourceTitle "TD"]
[Source "ChessBase"]
[SourceDate "1994.03.01"]
[SourceVersion "1"]
[SourceVersionDate "1994.03.01"]
[SourceQuality "1"]

1. e4 e5 2. Nf3 Nc6 3. Bb5 a6 4. Bxc6 dxc6 5. Nc3 f6 6. d3 Bg4 7. h3 Bh5 8. Be3
c5 9. g4 Bf7 10. Ne2 Qd7 11. Qd2 O-O-O 12. Qa5 Qc6 13. Nd2 Bd6 14. f3 h5 15.
Kf2 Ne7 16. Nc4 Rh7 17. Ng3 g6 18. gxh5 gxh5 19. h4 Be6 20. Nxd6+ cxd6 21. c4
Rf8 22. Raf1 f5 23. Bg5 fxe4 24. Nxe4 Bxc4 25. Bxe7 Rxe7 26. Rc1 Be6 27. Ke3
Ref7 28. Rcf1 d5 0-1

[Event "BL2-West 9394"]
[Site "Germany"]
[Date "1993.??.??"]
[Round "?.2"]
[White "Kishnev, Sergey"]
[Black "Kveinys, Aloyzas"]
[Result "1-0"]
[WhiteElo "2470"]
[BlackElo "2520"]
[PlyCount "61"]
[EventDate "1993.10.??"]
[EventType "team-tourn"]
[EventRounds "9"]
[EventCountry "GER"]
[SourceTitle "GER-chT2"]
[Source "ChessBase"]
[SourceDate "1999.07.01"]
[SourceVersion "1"]
[SourceVersionDate "1999.07.01"]
[SourceQuality "1"]
[WhiteTeam "Gelsenkirchen"]
[BlackTeam "Godesberg"]
[WhiteTeamCountry "GER"]
[BlackTeamCountry "GER"]

1. d4 Nf6 2. Nf3 e6 3. c4 d5 4. Nc3 Nbd7 5. cxd5 exd5 6. Qc2 Be7 7. Bf4 O-O 8.
e3 c6 9. Bd3 Re8 10. h3 Nf8 11. O-O Ne6 12. Bh2 g6 13. Ne5 Ng7 14. g4 Bd6 15.
Rae1 h5 16. f3 Be6 17. Qg2 Rc8 18. Bf4 a6 19. Bg5 Be7 20. f4 Rc7 21. f5 gxf5
22. gxf5 Bc8 23. Kh1 Bf8 24. Rg1 h4 25. Ng4 Be7 26. Nh6+ Kf8 27. Nxf7 Kxf7 28.
Bh6 Bxf5 29. Qxg7+ Ke6 30. Bxf5+ Kxf5 31. Qf7 1-0

[Event "BL2-West 9394"]
[Site "Germany"]
[Date "1994.??.??"]
[Round "?.2"]
[White "Kuijf, Marinus"]
[Black "Kishnev, Sergey"]
[Result "0-1"]
[WhiteElo "2415"]
[BlackElo "2470"]
[PlyCount "90"]
[EventDate "1993.10.??"]
[EventType "team-tourn"]
[EventRounds "9"]
[EventCountry "GER"]
[SourceTitle "GER-chT2"]
[Source "ChessBase"]
[SourceDate "1999.07.01"]
[SourceVersion "1"]
[SourceVersionDate "1999.07.01"]
[SourceQuality "1"]
[WhiteTeam "Muenster"]
[BlackTeam "Gelsenkirchen"]
[WhiteTeamCountry "GER"]
[BlackTeamCountry "GER"]

1. e4 e6 2. d4 d5 3. Nd2 c5 4. Ngf3 Nf6 5. e5 Nfd7 6. c3 Nc6 7. Bd3 f5 8. exf6
Nxf6 9. O-O cxd4 10. cxd4 Bd6 11. b3 O-O 12. Bb2 Qb6 13. Rc1 Bd7 14. Ne5 Be8
15. Ndf3 Bh5 16. Nxc6 bxc6 17. Qe1 Rae8 18. Ne5 Bb4 19. Qe3 Rc8 20. Qh3 c5 21.
a3 Bd2 22. dxc5 Rxc5 23. Rxc5 Qxc5 24. Qxe6+ Kh8 25. Qh3 Bc3 26. b4 Qc7 27. Rc1
d4 28. Qg3 Nd5 29. Bxc3 dxc3 30. Bc4 Nf4 31. Qxc3 Rc8 32. h3 Qb7 33. Nf3 Bxf3
34. Qxf3 Qxf3 35. gxf3 Ne2+ 36. Bxe2 Rxc1+ 37. Kg2 Ra1 38. Bf1 Rxa3 39. b5 g5
40. Kg3 Ra4 41. Bd3 Rb4 42. Kg2 Kg7 43. Kg3 h6 44. Kg2 Kf6 45. Kg3 Ke5 0-1

[Event "BL2-West 9394"]
[Site "Germany"]
[Date "1994.??.??"]
[Round "?.2"]
[White "Teske, Henrik"]
[Black "Kishnev, Sergey"]
[Result "0-1"]
[WhiteElo "2495"]
[BlackElo "2470"]
[PlyCount "34"]
[EventDate "1993.10.??"]
[EventType "team-tourn"]
[EventRounds "9"]
[EventCountry "GER"]
[SourceTitle "GER-chT2"]
[Source "ChessBase"]
[SourceDate "1999.07.01"]
[SourceVersion "1"]
[SourceVersionDate "1999.07.01"]
[SourceQuality "1"]
[WhiteTeam "Porz II"]
[BlackTeam "Gelsenkirchen"]
[WhiteTeamCountry "GER"]
[BlackTeamCountry "GER"]

1. e4 c5 2. b3 d6 3. Bb2 Nf6 4. Nc3 Nc6 5. f4 e5 6. f5 g6 7. g4 gxf5 8. gxf5 d5
9. exd5 Nxd5 10. Bg2 Nxc3 11. Bxc3 Qh4+ 12. Kf1 Bxf5 13. Bxc6+ bxc6 14. Bxe5
Rg8 15. d3 Bh3+ 16. Nxh3 Qxh3+ 17. Ke1 Rg2 0-1

[Event "Muenster op"]
[Site "Muenster"]
[Date "1993.??.??"]
[Round "3"]
[White "Hohelj, Stanislav"]
[Black "Kishnev, Sergey"]
[Result "0-1"]
[WhiteElo "2305"]
[BlackElo "2500"]
[PlyCount "78"]
[EventDate "1993.10.??"]
[EventType "swiss"]
[EventRounds "9"]
[EventCountry "GER"]
[SourceTitle "EXT 1999"]
[Source "ChessBase"]
[SourceDate "1998.11.16"]
[SourceVersion "1"]
[SourceVersionDate "1998.11.16"]
[SourceQuality "1"]

1. e4 c5 2. Nf3 Nc6 3. d4 cxd4 4. Nxd4 Qb6 5. Nb3 Nf6 6. Nc3 e6 7. Bd3 Bb4 8.
O-O Bxc3 9. bxc3 O-O 10. Be3 Qc7 11. f4 d6 12. Nd4 e5 13. Nb5 Qe7 14. c4 Ng4
15. Bd2 exf4 16. Rxf4 Qe5 17. g3 Qh5 18. Qe2 a6 19. Nc3 Nd4 20. Qg2 Ne5 21. Be3
Bh3 22. Qf2 Ne6 23. Be2 Ng4 24. Rf5 Qg6 25. Nd5 Rae8 26. Bxg4 Qxg4 27. Re1 Qxe4
28. Rh5 Nd4 29. Rxh3 Nf3+ 30. Kf1 Qxc4+ 31. Qe2 Qxd5 32. Rd1 Qe6 33. Kg2 Ng5
34. Rh5 h6 35. Rd3 Qe4+ 36. Kg1 Re6 37. Qg2 Qg4 38. Rxg5 hxg5 39. Qxb7 Qe2 0-1

[Event "BL2-West 9495"]
[Site "Germany"]
[Date "1995.??.??"]
[Round "7.2"]
[White "Kohlweyer, Bernd"]
[Black "Kishnev, Sergey"]
[Result "0-1"]
[WhiteElo "2435"]
[BlackElo "2470"]
[PlyCount "84"]
[EventDate "1994.10.??"]
[EventType "team-tourn"]
[EventRounds "9"]
[EventCountry "GER"]
[SourceTitle "GER-chT2"]
[Source "ChessBase"]
[SourceDate "1999.07.01"]
[SourceVersion "1"]
[SourceVersionDate "1999.07.01"]
[SourceQuality "1"]
[WhiteTeam "St Ingbert"]
[BlackTeam "Gelsenkirchen"]
[WhiteTeamCountry "GER"]
[BlackTeamCountry "GER"]

1. d4 Nf6 2. c4 e6 3. Nc3 Bb4 4. Qc2 O-O 5. a3 Bxc3+ 6. Qxc3 b6 7. Bg5 Bb7 8.
f3 c5 9. dxc5 bxc5 10. e3 a5 11. Ne2 h6 12. Bh4 Re8 13. Qc2 d5 14. O-O-O Nbd7
15. Nc3 Qb6 16. Kb1 Bc6 17. Bf2 a4 18. Rd2 Qa5 19. Bg3 Ra7 20. Be2 Rb7 21. Rc1
Rb3 22. Ka1 Qb6 23. Qd1 Ra8 24. Qg1 Qb7 25. Bd1 Rb6 26. h4 Qa6 27. Be2 Qb7 28.
Bh2 h5 29. g4 dxc4 30. g5 Nd5 31. e4 Nxc3 32. Rxc3 Rb3 33. Rdc2 Bb5 34. g6 f6
35. Qe3 Rc8 36. f4 Nf8 37. Bxh5 Bc6 38. Rxb3 cxb3 39. Rxc5 Be8 40. Rxc8 Qxc8
41. Be2 Qc2 42. Qd3 Bb5 0-1

[Event "Recklinghausen"]
[Site "Recklinghausen"]
[Date "1995.??.??"]
[Round "8"]
[White "Kishnev, Sergey"]
[Black "Hoefker, Mathias"]
[Result "1-0"]
[WhiteElo "2500"]
[BlackElo "2305"]
[PlyCount "85"]
[EventDate "1995.08.??"]
[EventType "tourn"]
[EventRounds "9"]
[EventCountry "GER"]
[EventCategory "7"]
[SourceTitle "EXT 1997"]
[Source "ChessBase"]
[SourceDate "1996.11.15"]
[SourceVersion "1"]
[SourceVersionDate "1996.11.15"]
[SourceQuality "1"]

1. d4 Nf6 2. Nf3 g6 3. Bf4 Bg7 4. e3 O-O 5. Be2 b6 6. c4 Bb7 7. Nc3 Ne4 8. Nxe4
Bxe4 9. O-O c5 10. Qd2 d6 11. Ng5 Bb7 12. d5 Na6 13. e4 Nc7 14. Rad1 Qd7 15. h3
Rab8 16. Bg4 Qa4 17. b3 Qb4 18. Qe2 f6 19. Nf3 b5 20. Bd2 Qa3 21. cxb5 Bc8 22.
Bc1 Qb4 23. Bb2 Qxb5 24. Qc2 a5 25. Ba1 Na8 26. Rfe1 a4 27. bxa4 Qa6 28. Bc3
Nb6 29. a5 Nc4 30. Qa4 Ra8 31. Rb1 Bxg4 32. hxg4 Ne5 33. Nxe5 fxe5 34. Qb5 Qc8
35. f3 Bh6 36. Rb3 Bf4 37. Kf2 Kg7 38. Reb1 Rh8 39. Qc6 Qf8 40. Rb7 Kf6 41. g3
Qh6 42. Kg2 Bd2 43. Rxe7 1-0

[Event "Recklinghausen"]
[Site "Recklinghausen"]
[Date "1996.??.??"]
[Round "2"]
[White "Repkova, Eva"]
[Black "Kishnev, Sergey"]
[Result "0-1"]
[WhiteElo "2345"]
[BlackElo "2485"]
[PlyCount "84"]
[EventDate "1996.??.??"]
[EventType "tourn"]
[EventRounds "9"]
[EventCountry "GER"]
[EventCategory "8"]
[SourceTitle "EXT 1999"]
[Source "ChessBase"]
[SourceDate "1998.11.16"]
[SourceVersion "1"]
[SourceVersionDate "1998.11.16"]
[SourceQuality "1"]

1. e4 e6 2. d4 d5 3. exd5 exd5 4. Nf3 Nc6 5. c3 Bd6 6. Bd3 Bg4 7. h3 Bh5 8. O-O
Nge7 9. Nbd2 Qd7 10. Qc2 O-O-O 11. b4 Bg6 12. b5 Na5 13. Ne5 Bxe5 14. dxe5 Qxb5
15. Bxg6 hxg6 16. Ba3 Nf5 17. Rab1 Qc6 18. Rb4 Rhe8 19. Ra4 b6 20. Bb4 Nc4 21.
Nxc4 dxc4 22. Rxa7 Rxe5 23. Rd1 Rde8 24. Qa4 Qxa4 25. Rxa4 Re1+ 26. Rxe1 Rxe1+
27. Kh2 c5 28. Ba3 Nd6 29. Ra8+ Kc7 30. Rg8 Rb1 31. g4 Nb5 32. Rxg7 Nxa3 33. h4
Kd6 34. Rxf7 Ke6 35. Rb7 b5 36. Rb6+ Kf7 37. Rb7+ Kf6 38. Rb6+ Ke5 39. Rxg6 b4
40. cxb4 c3 41. Rg5+ Kf4 42. Rxc5 c2 0-1

[Event "Recklinghausen"]
[Site "Recklinghausen"]
[Date "1996.??.??"]
[Round "4"]
[White "Skripchenko, Almira"]
[Black "Kishnev, Sergey"]
[Result "0-1"]
[WhiteElo "2370"]
[BlackElo "2485"]
[PlyCount "48"]
[EventDate "1996.??.??"]
[EventType "tourn"]
[EventRounds "9"]
[EventCountry "GER"]
[EventCategory "8"]
[SourceTitle "EXT 1999"]
[Source "ChessBase"]
[SourceDate "1998.11.16"]
[SourceVersion "1"]
[SourceVersionDate "1998.11.16"]
[SourceQuality "1"]

1. e4 e6 2. d4 d5 3. Nc3 Nf6 4. Bg5 dxe4 5. Nxe4 Be7 6. Bxf6 Bxf6 7. Nf3 O-O 8.
Nxf6+ Qxf6 9. Bd3 c5 10. dxc5 Nd7 11. c6 Nc5 12. c7 Qxb2 13. O-O Qb6 14. Bxh7+
Kxh7 15. Ng5+ Kh6 16. Qd8 Bd7 17. Nxf7+ Rxf7 18. Qxa8 Qxc7 19. Qxa7 Rf5 20.
Rae1 Bb5 21. Re3 Bxf1 22. Qa8 Bb5 23. Qh8+ Kg6 24. c4 Qf4 0-1

[Event "Recklinghausen"]
[Site "Recklinghausen"]
[Date "1996.??.??"]
[Round "5"]
[White "Kishnev, Sergey"]
[Black "Piskov, Yury"]
[Result "1-0"]
[WhiteElo "2485"]
[BlackElo "2510"]
[PlyCount "59"]
[EventDate "1996.??.??"]
[EventType "tourn"]
[EventRounds "9"]
[EventCountry "GER"]
[EventCategory "8"]
[SourceTitle "EXT 1999"]
[Source "ChessBase"]
[SourceDate "1998.11.16"]
[SourceVersion "1"]
[SourceVersionDate "1998.11.16"]
[SourceQuality "1"]

1. d4 e6 2. e4 d5 3. Nd2 Nf6 4. e5 Nfd7 5. c3 c5 6. f4 Nc6 7. Ndf3 Qb6 8. g3
cxd4 9. cxd4 Bb4+ 10. Kf2 g5 11. fxg5 Ndxe5 12. Nxe5 Nxe5 13. Kg2 Nc4 14. Nf3
Be7 15. b3 Nd6 16. Bd3 Bd7 17. a4 Ne4 18. a5 Qd8 19. Ne5 Bd6 20. Bf4 Qe7 21.
Qh5 Rc8 22. Rhf1 Rc3 23. Bxe4 dxe4 24. g6 fxg6 25. Nxg6 Rc2+ 26. Kg1 Qf7 27.
Bxd6 Qxg6 28. Qe5 Rg8 29. Rf6 Qg4 30. Raf1 1-0

[Event "Recklinghausen"]
[Site "Recklinghausen"]
[Date "1996.??.??"]
[Round "9"]
[White "Straeter, Timo"]
[Black "Kishnev, Sergey"]
[Result "0-1"]
[WhiteElo "2330"]
[BlackElo "2485"]
[PlyCount "98"]
[EventDate "1996.??.??"]
[EventType "tourn"]
[EventRounds "9"]
[EventCountry "GER"]
[EventCategory "8"]
[SourceTitle "EXT 1999"]
[Source "ChessBase"]
[SourceDate "1998.11.16"]
[SourceVersion "1"]
[SourceVersionDate "1998.11.16"]
[SourceQuality "1"]

1. d4 Nf6 2. Nf3 g6 3. c4 Bg7 4. Nc3 O-O 5. Bg5 c5 6. d5 b5 7. cxb5 a6 8. a4
Qa5 9. Bd2 axb5 10. Nxb5 Qb6 11. Bc3 Bb7 12. d6 exd6 13. Nxd6 Bd5 14. Nb5 Bc4
15. e3 Bxf1 16. Kxf1 d5 17. b4 cxb4 18. Bxb4 Rc8 19. Bc3 Rc4 20. Kg1 Nbd7 21.
Nd2 Rc6 22. g3 h5 23. h3 Qa6 24. Bd4 Nc5 25. Kg2 Ne6 26. Be5 Rac8 27. Ra2 Nc5
28. Nd4 Rb6 29. Rc2 Nd3 30. a5 Rxc2 31. axb6 Rb2 32. Bc7 Nxf2 33. Kxf2 Ne4+ 34.
Ke1 Bxd4 35. Nxe4 Bxb6 36. Nf6+ Kg7 37. Bxb6 Qxb6 38. Nxd5 Qa5+ 39. Kf1 Qb5+
40. Ke1 Qa5+ 41. Kf1 Qb5+ 42. Ke1 Rb1 43. Nc3 Rxd1+ 44. Nxd1 Qd5 45. Nf2 Qf3
46. e4 Qxg3 47. Ke2 g5 48. Rd1 g4 49. hxg4 hxg4 0-1

[Event "Oberliga NRW 9697 II"]
[Site "Germany"]
[Date "1996.??.??"]
[Round "1.1"]
[White "Buscher, Michael"]
[Black "Kishnev, Sergey"]
[Result "0-1"]
[WhiteElo "2340"]
[BlackElo "2500"]
[PlyCount "60"]
[EventDate "1996.10.??"]
[EventType "team"]
[EventRounds "9"]
[EventCountry "GER"]
[SourceTitle "EXT 1998"]
[Source "ChessBase"]
[SourceDate "1997.11.17"]
[SourceVersion "1"]
[SourceVersionDate "1997.11.17"]
[SourceQuality "1"]
[WhiteTeam "Porz"]
[BlackTeam "Gelsenkirchen"]
[WhiteTeamCountry "GER"]
[BlackTeamCountry "GER"]

1. e4 e6 2. d4 d5 3. Nc3 Nf6 4. e5 Nfd7 5. f4 c5 6. Nf3 Nc6 7. dxc5 Bxc5 8. a3
a6 9. Bd3 Qc7 10. Bd2 b5 11. Qe2 Bb7 12. Rc1 h6 13. h4 Ba7 14. Nd1 O-O 15. Nf2
f6 16. exf6 Nxf6 17. O-O Ne4 18. Be3 Ng3 19. Qe1 Rae8 20. Bxa7 Nxa7 21. Nh3
Nxf1 22. Kxf1 e5 23. fxe5 Nc6 24. Qg3 Nxe5 25. Nf2 d4 26. Re1 Bxf3 27. gxf3
Rxf3 28. Qxf3 Nxf3 29. Rxe8+ Kf7 30. Re4 Nd2+ 0-1